Ligue Des Champions 2021-2022 - Statistiques

Statistiques générales
  • Ce quiz a été pris 207 fois
  • Le résultat moyen est 27 sur 32
Statistiques - réponses
Pays Joueur du Club Club % Correct
France. Lionel Messi Paris Saint-Germain
100%
Italie Zlatan Ibrahimovic AC Milan
98%
Allemagne Erling Haaland Borussia Dortmund
98%
Angleterre Mohamed Salah Liverpool
98%
Angleterre Ederson Manchester City
98%
Pays-Bas Sébastien Haller Ajax Amsterdam
97%
Espagne Antoine Griezman Atletico Madrid
97%
Portugal Mehdi Taremi FC Porto
97%
Allemagne Christopher Nkunku RB Leipzig
96%
Espagne Karim Benzema Real Madrid
96%
Italie Lautaro Martinez Inter Milan
94%
Belgique Simon Mignolet Club Bruges
93%
Allemagne Robert Lewandowski Bayern Munich
91%
Angleterre Cristiano Ronaldo Manchester United
90%
Portugal Pablo Sarabia Sporting
90%
Angleterre N'Golo Kanté Chelsea
89%
Italie Paulo Dybala Juventus
88%
France Burak Yilmaz Lille
87%
Espagne Memphis Depay FC Barcelone
85%
Espagne Youssef En-Nesyri Séville FC
84%
Portugal Pizzi SL Benfica
84%
Italie Duván Zapata Atalanta
81%
Turquie Miralem Pjanić Besiktas
77%
Espagne Gerard Moreno Villareal
76%
Ukraine Viktor Tsygankov Dynamo KIev
71%
Suisse Jordan Siebatcheu Young Boys Berne
71%
Allemagne Jérôme Roussillon Vfl Wolfsbourg
70%
Autriche Karim Adeyemi RB Salzbourg
69%
Moldavie Momo Yansané Sheriff Tiraspol
69%
Russie Malcom Zénith Saint-Petersbourg
69%
Suède Ola Toivonen Malmö FF
67%
Ukraine Ismaily Chakhtar Donetsk
31%
Aucun quiz correspondant
Distribution des résultats
% des personnes avec chaque résultat
Percentile par nombre de réponses
Votre historique - résultats
Vous n’avez pas pris ce quiz